000
00304nam a2200109Ia 4500
008
220204s9999 xx 000 0 und d
082
_a
681.31MCS
_b
SIR
100
_a
Sirockman, Janson
245
0
_a
MCSE training guide : windows NT server 4 enterprise
260
_a
New Delhi
_b
Techmedia
_c
1997
942
_c
BK
999
_c
43907
_d
43907